000 00837nam a22002297a 4500
008 240706b mp ||||| |||| 00| 0 mon d
020 _a978-99929-0-343-0
035 _a1882
040 _aBH0164090
_bmon
_cMN-UlNLM
_dMN-UlNLM
_erda
041 _amon
042 _a50803
084 _2NNA
_a84
_bК.795
100 _aКремнев Б.
245 0 _aВольфганг Амадей Моцарт
264 _aУлаанбаатар
_bМон судар
_c2009
300 _a328х.
336 _2rdacontent
_atext
_btxt
337 _2rdamedia
_aunmediated
_bn
338 _2rdacarrier
_avolume
_bnc
650 _aДэлхийн гайхамшигт хүмүүсийн намтар ,бүтээл Гарчиг: Эх орон, Венад, Парисын галсан Вольфанг Амадей Моцарт...
942 _2NNA
_cBK
999 _c1101583
_d1101640